<?xml version="1.0" encoding="UTF-8"?>
<record
    xmlns:xsi="http://www.w3.org/2001/XMLSchema-instance"
    xsi:schemaLocation="http://www.loc.gov/MARC21/slim http://www.loc.gov/standards/marcxml/schema/MARC21slim.xsd"
    xmlns="http://www.loc.gov/MARC21/slim">

  <leader>02237    a2200229   4500</leader>
  <controlfield tag="001">60654</controlfield>
  <controlfield tag="005">20260407155858.0</controlfield>
  <controlfield tag="008">260407a2014    arg                 spa d</controlfield>
  <controlfield tag="003">AR-UNSa-BCEJYS</controlfield>
  <datafield tag="040" ind1=" " ind2=" ">
    <subfield code="a">AR-UNSa-BCEJYS</subfield>
    <subfield code="b">spa</subfield>
    <subfield code="c">AR-UNSa-BCEJYS</subfield>
  </datafield>
  <datafield tag="080" ind1=" " ind2=" ">
    <subfield code="a">330.342.146</subfield>
    <subfield code="x">Econom&#xED;a social de mercado. Econom&#xED;a del estado del bienestar
 </subfield>
  </datafield>
  <datafield tag="245" ind1="1" ind2="0">
    <subfield code="a">La econom&#xED;a social desde la periferia</subfield>
    <subfield code="p">Contribuciones latinoamericanas</subfield>
  </datafield>
  <datafield tag="020" ind1=" " ind2=" ">
    <subfield code="a">978-987-630-174-9</subfield>
  </datafield>
  <datafield tag="264" ind1=" " ind2="1">
    <subfield code="a">Los Polvorines :</subfield>
    <subfield code="b">Universidad Nacional de General Sarmiento</subfield>
    <subfield code="c">2014</subfield>
  </datafield>
  <datafield tag="300" ind1=" " ind2=" ">
    <subfield code="a">413 p.</subfield>
    <subfield code="c">22 cm.</subfield>
  </datafield>
  <datafield tag="505" ind1=" " ind2=" ">
    <subfield code="a">1. Econom&#xED;a solidar&#xED;a. Un modo de producci&#xF3;n y distribuci&#xF3;n / Paul Singer - 2. La econom&#xED;a solidaria y el capitalismo en la perspectiva de las transacciones hist&#xF3;ricas / Luiz In&#xE1;cio Gaiger &#x2013; 3. La econom&#xED;a popular, asociativa y autogestionaria / Orlando N&#xFA;&#xF1;ez S. &#x2013; 4. &#xBF;Sistemas alternativos de producci&#xF3;n? / An&#xED;bal Quijano &#x2013; 5. Una perspectiva alternativa para la econom&#xED;a social: de la econom&#xED;a popular a la econom&#xED;a del trabajo / Jos&#xE9; Luis Coraggio &#x2013; 6. Pedagog&#xED;a (s) de la producci&#xF3;n asociada: &#xBF;hacia d&#xF3;nde camina la econom&#xED;a popular? / L&#xED;a Tiriba &#x2013; 7. Posibilidades y l&#xED;mites de la econom&#xED;a solidaria latinoamericana / Mario Pochmann &#x2013; 8. Econom&#xED;a solidaria y la nueva centralidad del trabajo asociado / Pedro Cl&#xE1;udio Cunca Bocayuva &#x2013; 9. &#xBF;Es posible otra econom&#xED;a? El caso de las asambleas vecinales y la recuperaci&#xF3;n de empresas en la Argentina reciente / Alberto M. Federico-Sabat&#xE9; &#x2013; 10. La econom&#xED;a de solidaridad: concepto, realidad y proyecto / Luis Razeto Migliaro &#x2013; 11. Un mundo diferente es posible. La reconstrucci&#xF3;n del r&#xE9;gimen de propiedad desde abajo, en la perspectiva de la vida y del bien com&#xFA;n / Ulrich Duchrow y Franz J. Hinkelammert &#x2013; 12. Econom&#xED;a solidaria: una reflexi&#xF3;n a la luz de la &#xE9;tica cristiana / Armando de Melo Lisboa &#x2013; 13. Sentido &#xE9;tico de la rebeli&#xF3;n maya de 1994 en Chiapas (Dos &#x201C;juegos de lenguaje&#x201D;) / Enrique Dussel - </subfield>
  </datafield>
  <datafield tag="041" ind1=" " ind2=" ">
    <subfield code="a">spa</subfield>
  </datafield>
  <datafield tag="942" ind1=" " ind2=" ">
    <subfield code="c">BK</subfield>
  </datafield>
  <datafield tag="590" ind1=" " ind2=" ">
    <subfield code="a">niveau_biblio:m niveau_hierar:0</subfield>
  </datafield>
  <datafield tag="100" ind1="1" ind2=" ">
    <subfield code="a">Coraggio, Jos&#xE9; Luis</subfield>
  </datafield>
  <datafield tag="856" ind1="4" ind2="1">
    <subfield code="u">https://www.biblioeco.unsa.edu.ar/pmb/images/libros/L129290.jpg</subfield>
    <subfield code="y">Imagen de portada</subfield>
    <subfield code="q">image/jpeg</subfield>
  </datafield>
  <datafield tag="999" ind1=" " ind2=" ">
    <subfield code="c">7096</subfield>
    <subfield code="d">7096</subfield>
  </datafield>
  <datafield tag="952" ind1=" " ind2=" ">
    <subfield code="0">0</subfield>
    <subfield code="1">0</subfield>
    <subfield code="4">0</subfield>
    <subfield code="7">0</subfield>
    <subfield code="a">BCEJYS</subfield>
    <subfield code="b">BCEJYS</subfield>
    <subfield code="c">16</subfield>
    <subfield code="d">2026-04-07</subfield>
    <subfield code="l">0</subfield>
    <subfield code="o">330.342.146 C787</subfield>
    <subfield code="p">L129290</subfield>
    <subfield code="r">2026-04-07 15:58:58</subfield>
    <subfield code="w">2026-04-07</subfield>
    <subfield code="y">L</subfield>
    <subfield code="z">LAPICERA - RESALTADOR - CANTO MANCHADO - </subfield>
  </datafield>
</record>
